000 00449nam a2200145 a 4500
001 000031764
005 20200930063149.0
008 110701s200u dr 000 0 spa d
040 _aDO-SdBNP
_bspa
_cBNPHU
082 _axxx
_bxxxx
110 2 _aCámara de Diputados de la República Dominicana
_957997
245 1 0 _aGalería de ex-presidentes.
260 _aSanto Domingo :
_bCámara de Diputados,
_c[200?].
300 _a34 p. :
_bil., retrs. ;
_c28 cm.
999 _c31256
_d31256